[Event "TUR-ch U07/12"]
[Site "Antalya"]
[Date "2023.01.27"]
[Round "9"]
[White "Adali, Umut"]
[Black "Tokan, Rohat Miran"]
[Result "1-0"]
[WhiteElo "1428"]
[BlackElo "1343"]
[PlyCount "61"]
[EventDate "2023.01.17"]
[EventType "swiss"]
[EventRounds "10"]
[EventCountry "TUR"]
[SourceTitle "EXT 2024"]
[Source "ChessBase"]
[SourceDate "2023.10.10"]
[SourceVersion "1"]
[SourceVersionDate "2023.10.10"]
[SourceQuality "1"]

1. e4 d5 2. exd5 Nf6 3. Nf3 Qxd5 4. Nc3 Qd8 5. d4 Bg4 6. Bc4 e6 7. Be3 Bb4 8. 0-0 0-0 9. Be2 Bxc3 10. bxc3 Nd5 11. Qd2 Nd7 12. c4 Nxe3 13. fxe3 Qe7 14. Qd3 Rab8 15. Nd2 Bxe2 16. Qxe2 Nf6 17. Rf3 Rfd8 18. Nb3 e5 19. Re1 Re8 20. d5 e4 21. Rg3 b5 22. Nd4 Qd7 23. Rf1 Kh8 24. Qf2 Rf8 25. Nxb5 c6 26. Nd4 cxd5 27. c5 Ne8 28. Qf4 Nc7 29. Rxg7 Kxg7 30. Qf6+ Kg8 31. Nf5 1-0